Review of Income and Wealth

Detalles Bibliográficos
Formato: eBook
Lenguaje:inglés
Publicado: Hoboken: Wiley, 2020 -
Materias:
Acceso en línea:Acceso restringido

MARC

LEADER 00000nam a22000007a 4500
005 20210504001640.0
007 cr|||| ||||
008 210504c20209999us n|w s|||| 0|||b1eng d
022 |a 0034-6586 
035 |a 32927 
040 |a vLex 
090 |c 11608  |d 11608 
245 0 0 |a Review of Income and Wealth  |h [Recurso electrn̤ico] / 
256 |a Servicio en ln̕ea 
260 |a Hoboken:  |b Wiley,  |c 2020 - 
300 |a 1 recurso electrn̤ico 
310 |a Irregular 
506 1 |a Disponible solo en los productos indicados  |d vLex Global  |d vLex Global (Academic Edition, excluding Law Schools)  |d vLex Global (Academic Edition, Law Schools) 
650 0 4 |a Derecho Pb︢lico y Administrativo  |z Estados Unidos 
740 0 |a vLex Revistas (Servicio en ln̕ea) 
856 4 0 |u https://vlex.com/source/32927  |z Acceso restringido 
942 |c REV 
999 0 |a Public and Administrative Law